000 00568nam a2200205Ia 4500
003 OSt
005 20230612100837.0
008 210423s2002 xx 000 0 und d
020 _a125571666
040 _cAL
082 _a574.87322
_223
_b PINC
100 _aPINKERT (Carl A),Ed.
_999110
245 _aTransgenic animal technology: a laboratory handbook.
250 _a2
260 _aNew Delhi
_bAcademic Press
_c2002
300 _axv,618
_bHB
365 _b4314
_cINR
906 _aanimal ; handbook. ; laboratory ; technology: ; Transgenic
942 _2ddc
_cBK
999 _c163700
_d163700